Design and construction of steel structures / Mohamed A. El-Reedy. (Record no. 22395)

000 -LEADER
fixed length control field 01128nam a22001577a 4500
020 ## - INTERNATIONAL STANDARD BOOK NUMBER
ISBN 9781032295244
082 ## - DEWEY DECIMAL CLASSIFICATION NUMBER
Classification number 624.182
Item number El37 2025
100 ## - MAIN ENTRY--AUTHOR NAME
Personal name El-Reedy, Mohamed A., author.
245 ## - TITLE STATEMENT
Title Design and construction of steel structures / Mohamed A. El-Reedy.
260 ## - PUBLICATION, DISTRIBUTION, ETC. (IMPRINT)
Place of publication Boca Raton :
Name of publisher CRC Press,
Year of publication c2025.
300 ## - PHYSICAL DESCRIPTION
Number of Pages 1 online resource, xvii, 355 pages :
Other physical details illustrations.
500 ## - GENERAL NOTE
General note Includes bibliographical references and index.
520 ## - SUMMARY, ETC.
Summary, etc "This book examine the design of steel structures and defines the approaches for various design code, including AISC, BS, and EC3. It also discusses the theoretical background for the design of different structural members and provides illustrative examples of each, as well as structural connections, base plates with anchor bolt designs, and more. In addition, best practices for on-site construction methods including receipt of materials, and quality control and assurance, and inspection are also presented. Both non-destructive testing and destructive testing methods are presented"-- Provided by publisher.
650 ## - SUBJECT ADDED ENTRY--TOPICAL TERM
Topical Term Building, iron and steel.
942 ## - ADDED ENTRY ELEMENTS (KOHA)
Koha item type Electronic Books
Holdings
Source of acquisition Permanent Location Date acquired Collection code Koha item type Lost status Shelving location Withdrawn status Current Location Full call number
DonationCagayan State University - Carig Library2026-04-14E-BooksElectronic Books E-Resource Section Cagayan State University - Carig Library624.182 El37 2025

Cagayan State University University Library, Carig Campus
Tuguegarao City, Cagayan 3500 | www.csucarig.edu.ph

Powered by Koha